U2 Albums Tile Select - Statistics

General Stats
  • This quiz has been taken 68 times
  • The average score is 59 of 72
Answer Stats
Question Tile Select % Correct
the following songs that are on The Joshua Tree (1987). I Still Haven't Found What I'm Looking For Yes
100%
the following songs that are on The Joshua Tree (1987). Seconds No
100%
the following songs that are on War (1983). Twilight No
98%
the following songs that are on The Joshua Tree (1987). Where the Streets Have No Name Yes
97%
the following songs that are on The Joshua Tree (1987). With or Without You Yes
97%
the following songs that are on The Joshua Tree (1987). Drowning Man No
95%
the following songs that are are Rattle and Hum (1988) (the album, not the movie). October No
95%
the followings songs that are on The Unforgettable Fire (1984). Pride (In the Name of Love) Yes
95%
the following songs that are on War (1983). Sunday Bloody Sunday Yes
95%
the following songs that are on Achtung Baby (1991). Even Better Than the Real Thing Yes
93%
the following songs that are on Achtung Baby (1991). Everlasting Love No
93%
the followings songs that are on The Unforgettable Fire (1984). Red Light No
93%
the following songs that are on All That You Can't Leave Behind (2000). Beautiful Day Yes
91%
the following songs that are are Rattle and Hum (1988) (the album, not the movie). Desire Yes
91%
the following songs that are on Achtung Baby (1991). God Part II No
91%
the followings songs that are on The Unforgettable Fire (1984). Trip Through Your Wires No
91%
the following songs that are are Rattle and Hum (1988) (the album, not the movie). When Loves Comes to Town Yes
91%
the following songs that are are Rattle and Hum (1988) (the album, not the movie). Angel of Harlem Yes
90%
the following songs that are on The Joshua Tree (1987). One Tree Hill Yes
90%
the following songs that are on All That You Can't Leave Behind (2000). Stuck in a Moment You Can't Get Out Of Yes
90%
the following songs that are on Achtung Baby (1991). The Fly Yes
90%
the following songs that are are Rattle and Hum (1988) (the album, not the movie). Mothers of the Disappeared No
88%
the following songs that are on Achtung Baby (1991). Mysterious Ways Yes
88%
the following songs that are on Achtung Baby (1991). One Yes
88%
the following songs that are are Rattle and Hum (1988) (the album, not the movie). Shadows and Tall Trees No
88%
the following songs that are are Rattle and Hum (1988) (the album, not the movie). 4th of July No
86%
the following songs that are on War (1983). A Celebration No
86%
the following songs that are on Achtung Baby (1991). All I Want Is You No
86%
the following songs that are on Achtung Baby (1991). Running to Stand Still No
86%
the followings songs that are on The Unforgettable Fire (1984). A Sort of Homecoming Yes
84%
the following songs that are on The Joshua Tree (1987). Bullet the Blue Sky Yes
84%
the following songs that are on All That You Can't Leave Behind (2000). Elevation Yes
84%
the following songs that are on War (1983). Gloria No
84%
the following songs that are on How to Dismantle an Atomic Bomb (2004). Vertigo Yes
84%
the following songs that are on How to Dismantle an Atomic Bomb (2004). Window in the Skies No
84%
the following songs that are on All That You Can't Leave Behind (2000). Electrical Storm No
83%
the following songs that are on All That You Can't Leave Behind (2000). Moment of Surrender No
83%
the following songs that are on Zooropa (1993). Staring at the Sun No
83%
the followings songs that are on The Unforgettable Fire (1984). 40 No
81%
the followings songs that are on The Unforgettable Fire (1984). Bad Yes
81%
the following songs that are on Zooropa (1993). Hold Me, Thrill Me, Kiss Me, Kill Me No
81%
the following songs that are on War (1983). I Will Follow No
81%
the following songs that are on Zooropa (1993). Lemon Yes
81%
the following songs that are on War (1983). New Year's Day Yes
81%
the following songs that are on Zooropa (1993). Numb Yes
81%
the following songs that are on All That You Can't Leave Behind (2000). One Step Closer No
81%
the following songs that are are Rattle and Hum (1988) (the album, not the movie). Sweetest Thing No
81%
the following songs that are on All That You Can't Leave Behind (2000). All Because of You No
79%
the following songs that are on How to Dismantle an Atomic Bomb (2004). Cedars of Lebanon No
79%
the following songs that are on The Joshua Tree (1987). Red Hill Mining Town Yes
79%
the following songs that are on The Joshua Tree (1987). In God's Country Yes
78%
the following songs that are on Zooropa (1993). Miss Sarajevo No
78%
the following songs that are on How to Dismantle an Atomic Bomb (2004). Ordinary Love No
78%
the following songs that are on How to Dismantle an Atomic Bomb (2004). Sometimes You Can't Make It on Your Own Yes
78%
the following songs that are on All That You Can't Leave Behind (2000). If God Will Send His Angels No
76%
the following songs that are on How to Dismantle an Atomic Bomb (2004). I'll Go Crazy If I Don't Go Crazy Tonight No
74%
the following songs that are on How to Dismantle an Atomic Bomb (2004). Magnificent No
74%
the following songs that are on How to Dismantle an Atomic Bomb (2004). Get On Your Boots No
72%
the following songs that are on Zooropa (1993). Stay (Faraway, So Close!) Yes
71%
the following songs that are on Zooropa (1993). Discothèque No
67%
the following songs that are on How to Dismantle an Atomic Bomb (2004). Miracle Drug Yes
67%
the followings songs that are on The Unforgettable Fire (1984). MLK Yes
67%
the following songs that are on Achtung Baby (1991). Zoo Station Yes
67%
the following songs that are on War (1983). Surrender Yes
66%
the following songs that are on War (1983). Two Hearts Beat as One Yes
64%
the following songs that are are Rattle and Hum (1988) (the album, not the movie). Heartland Yes
62%
the following songs that are on Zooropa (1993). Babyface Yes
60%
the following songs that are on Zooropa (1993). Daddy's Gonna Pay for Your Crashed Car Yes
60%
the followings songs that are on The Unforgettable Fire (1984). Fire No
60%
the following songs that are on War (1983). Seconds Yes
57%
the followings songs that are on The Unforgettable Fire (1984). Elvis Presley and America Yes
55%
the following songs that are on All That You Can't Leave Behind (2000). Grace Yes
40%
No matching quizzes found
Score Distribution
Percent of People with Each Score
Percentile by Number Answered
Your Score History
You have not taken this quiz